LEADER 02849nam 2200697 a 450 001 9910779737503321 005 20230803021043.0 010 $a3-11-026503-6 024 7 $a10.1515/9783110265033 035 $a(CKB)2550000001096902 035 $a(EBL)1075596 035 $a(OCoLC)851970316 035 $a(SSID)ssj0000994297 035 $a(PQKBManifestationID)11522187 035 $a(PQKBTitleCode)TC0000994297 035 $a(PQKBWorkID)10961053 035 $a(PQKB)11496706 035 $a(MiAaPQ)EBC1075596 035 $a(DE-B1597)207452 035 $a(OCoLC)853256384 035 $a(DE-B1597)9783110265033 035 $a(Au-PeEL)EBL1075596 035 $a(CaPaEBR)ebr10729076 035 $a(CaONFJC)MIL503436 035 $a(EXLCZ)992550000001096902 100 $a20130702d2013 uy 0 101 0 $aeng 135 $aur|n|---||||| 181 $ctxt 182 $cc 183 $acr 200 10$aInscribing the environment$b[electronic resource] $eecocritical approaches to medieval Spanish literature /$fConnie Scarborough 210 $aBerlin ;$aBoston $cDe Gruyter$dc2013 215 $a1 online resource (200 p.) 225 0 $aFundamentals of Medieval and Early Modern Culture ;$v13 225 0$aFundamentals of medieval and early modern culture,$x1864-3396 ;$v13 300 $aDescription based upon print version of record. 311 $a3-11-030939-4 311 $a1-299-72185-0 320 $aIncludes bibliographic references (p. 157-169) and index. 327 $apt. 1. Nature untamed -- pt. 2. Nature tamed -- pt. 3. Nature stylized. 330 $aEcocriticism as a theoretical model has primarily been used in the study of Romantic, post-Romantic, and contemporary literary texts.Applications of the concepts of ecocriticism to medieval literature, however,are a fairly recent phenomenon. This book examines key, canonical works from medieval Spain with an eye to authors' depictions, realistic and symbolic, of their natural surroundings. It shows how descriptions of the natural world in these texts are informed by both the authors' perceptions of the environment and established literary models. 410 0$aFundamentals of Medieval and Early Modern Culture 606 $aSpanish literature$yTo 1500$xHistory and criticism 606 $aNature in literature 606 $aEcocriticism 610 $aEcocriticism. 610 $aSpanish literature. 610 $amedieval literature. 615 0$aSpanish literature$xHistory and criticism. 615 0$aNature in literature. 615 0$aEcocriticism. 676 $a860.9360902 700 $aScarborough$b Connie$01499444 801 0$bMiAaPQ 801 1$bMiAaPQ 801 2$bMiAaPQ 906 $aBOOK 912 $a9910779737503321 996 $aInscribing the environment$93725471 997 $aUNINA LEADER 03614nam 22005535 450 001 9910298401003321 005 20200706134811.0 010 $a3-030-02104-1 024 7 $a10.1007/978-3-030-02104-7 035 $a(CKB)4100000007110744 035 $a(MiAaPQ)EBC5598595 035 $a(DE-He213)978-3-030-02104-7 035 $a(PPN)231465041 035 $a(EXLCZ)994100000007110744 100 $a20181030d2018 u| 0 101 0 $aeng 135 $aurcnu|||||||| 181 $ctxt$2rdacontent 182 $cc$2rdamedia 183 $acr$2rdacarrier 200 10$aGlial Cell Engineering in Neural Regeneration /$fby Li Yao 205 $a1st ed. 2018. 210 1$aCham :$cSpringer International Publishing :$cImprint: Springer,$d2018. 215 $a1 online resource (138 pages) 311 $a3-030-02103-3 327 $aAdvances in the research of astrocyte function in neural regeneration -- Enhancement of axonal myelination in wounded spinal cord using oligodendrocyte precursor cell transplantation -- Application of Schwann cells in neural tissue engineering -- Stem cell- and biomaterial-based neural repair for enhancing spinal axonal regeneration -- Electric field-guided cell migration, polarization, and division: An emerging therapy in neural regeneration -- Vascularization in the spinal cord: the pathological process and therapeutic approach -- Index. 330 $aThis book focuses on current applications of glial cells in neural regeneration, especially in spinal cord repair. It introduces the application of a few types of glial cells including oligodendrocyte, astrocyte, Schwann cells, and stem cell derived glial cells in neural regeneration. The latest glial cell research with biomaterials, gene modification, and electrical signals is also summarized. This is an ideal book for undergraduate and research students in tissue engineering, neurobiology, and regenerative medicine as well as researchers in the field. This book also: Illustrates the application of glial cells including oligodendrocyte, astrocyte, Schwann cells, and stem cell derived glial cells in neural regeneration Broadens reader understanding of the current applications of glial cells in neural regeneration, especially in spinal cord repair Demonstrates the engineering of glial cells with biomaterials, gene modification, and electrical signals for neural regeneration. 606 $aBiomedical engineering 606 $aNeurobiology 606 $aRegenerative medicine 606 $aTissue engineering 606 $aBiomedical Engineering/Biotechnology$3https://scigraph.springernature.com/ontologies/product-market-codes/B24000 606 $aNeurobiology$3https://scigraph.springernature.com/ontologies/product-market-codes/L25066 606 $aRegenerative Medicine/Tissue Engineering$3https://scigraph.springernature.com/ontologies/product-market-codes/L16080 606 $aBiomedical Engineering and Bioengineering$3https://scigraph.springernature.com/ontologies/product-market-codes/T2700X 615 0$aBiomedical engineering. 615 0$aNeurobiology. 615 0$aRegenerative medicine. 615 0$aTissue engineering. 615 14$aBiomedical Engineering/Biotechnology. 615 24$aNeurobiology. 615 24$aRegenerative Medicine/Tissue Engineering. 615 24$aBiomedical Engineering and Bioengineering. 676 $a611.0188 700 $aYao$b Li$4aut$4http://id.loc.gov/vocabulary/relators/aut$01040027 906 $aBOOK 912 $a9910298401003321 996 $aGlial Cell Engineering in Neural Regeneration$92462611 997 $aUNINA